| 000 | 01485nam a2200349Ia 4500 | ||
|---|---|---|---|
| 001 | ebr10151421 | ||
| 003 | CaPaEBR | ||
| 006 | m u | ||
| 007 | cr cn||||||||| | ||
| 008 | 061117s2007 ne ab sb 001 0 eng d | ||
| 020 | _z9780444528759 (hd.bd.) | ||
| 020 | _z044452875X (hd.bd.) | ||
| 020 | _z0080465641 | ||
| 040 |
_aCaPaEBR _cCaPaEBR |
||
| 035 | _a(OCoLC)162587936 | ||
| 050 | 1 | 4 |
_aTJ280.7 _b.G86 2007eb |
| 100 | 1 |
_aGupta, Harsh K., _d1942- |
|
| 245 | 1 | 0 |
_aGeothermal energy _h[electronic resource] : _ban alternative resource for the 21st century / _cHarsh Gupta, Sukanta Roy. |
| 250 | _a1st ed. | ||
| 260 |
_aAmsterdam, The Netherlands ; _aBoston : _bElsevier, _c2007. |
||
| 300 |
_axii, 279 p. : _bill., maps. |
||
| 500 | _aUpdated version of "Geothermal resources: an energy alternative" published by Elsevier in 1980. | ||
| 504 | _aIncludes bibliographical references (p.[245]-269) and index. | ||
| 533 |
_aElectronic reproduction. _bPalo Alto, Calif. : _cebrary, _d2009. _nAvailable via World Wide Web. _nAccess may be limited to ebrary affiliated libraries. |
||
| 650 | 0 | _aGeothermal engineering. | |
| 650 | 0 | _aGeothermal resources. | |
| 655 | 7 |
_aElectronic books. _2local |
|
| 700 | 1 | _aRoy, Sukanta. | |
| 700 | 1 |
_aGupta, Harsh K., _d1942- _tGeothermal resources : an energy alternative. |
|
| 710 | 2 | _aebrary, Inc. | |
| 856 | 4 | 0 |
_uhttp://site.ebrary.com/lib/rucke/Doc?id=10151421 _zAn electronic book accessible through the World Wide Web; click to view |
| 999 |
_c95279 _d95279 |
||